<?xml version="1.0" encoding="UTF-8"?><?xml-stylesheet type="text/xsl" href="static/style.xsl"?><OAI-PMH xmlns="http://www.openarchives.org/OAI/2.0/" xmlns:xsi="http://www.w3.org/2001/XMLSchema-instance" xsi:schemaLocation="http://www.openarchives.org/OAI/2.0/ http://www.openarchives.org/OAI/2.0/OAI-PMH.xsd"><responseDate>2026-04-17T06:50:19Z</responseDate><request verb="GetRecord" identifier="oai:www.recercat.cat:10256/2050" metadataPrefix="marc">https://recercat.cat/oai/request</request><GetRecord><record><header><identifier>oai:recercat.cat:10256/2050</identifier><datestamp>2024-11-19T08:46:34Z</datestamp><setSpec>com_2072_452955</setSpec><setSpec>com_2072_2054</setSpec><setSpec>col_2072_453066</setSpec></header><metadata><record xmlns="http://www.loc.gov/MARC21/slim" xmlns:dcterms="http://purl.org/dc/terms/" xmlns:xsi="http://www.w3.org/2001/XMLSchema-instance" xmlns:doc="http://www.lyncode.com/xoai" xsi:schemaLocation="http://www.loc.gov/MARC21/slim http://www.loc.gov/standards/marcxml/schema/MARC21slim.xsd">
   <leader>00925njm 22002777a 4500</leader>
   <datafield ind2=" " ind1=" " tag="042">
      <subfield code="a">dc</subfield>
   </datafield>
   <datafield ind2=" " ind1=" " tag="720">
      <subfield code="a">Ribas Palom, Anna</subfield>
      <subfield code="e">author</subfield>
   </datafield>
   <datafield ind2=" " ind1=" " tag="720">
      <subfield code="a">Pavón, David</subfield>
      <subfield code="e">author</subfield>
   </datafield>
   <datafield ind2=" " ind1=" " tag="720">
      <subfield code="a">Saurí Pujol, David</subfield>
      <subfield code="e">author</subfield>
   </datafield>
   <datafield ind2=" " ind1=" " tag="260">
      <subfield code="c">2007</subfield>
   </datafield>
   <datafield ind2=" " ind1=" " tag="520">
      <subfield code="a">Grup de Recerca Medi Ambient i Tecnologies de la Informació Geogràfica</subfield>
   </datafield>
   <datafield ind2=" " ind1=" " tag="520">
      <subfield code="a">L'objectiu d’aquesta comunicació és fer una síntesi del treball de recerca “Processos de canvi ambiental recent a les àrees rurals mediterrànies” realitzat per un equip d’investigadors de la Universitat de Girona i de la Universitat Autònoma de Barcelona entre els anys 1997 i 2000. El treball fou publicat l’any 2002 per la Càtedra de Geografia i Pensament Territorial i l’Institut de Medi Ambient de la Universitat de Girona sota el títol de "Canvis socioambientals a l’Alt Empordà (1950-2000). Natura i història en l’evolució recent del paisatge altempordanès". La seva fita fonamental fou la de proporcionar una explicació detallada del recent canvi socioambiental (1950-2000) a les àrees rurals mediterrànies, prenent com a exemple el gradient muntanya, transició, plana i litoral de la comarca de l’Alt Empordà. En aquesta comunicació es presenta especialment una part d’aquest treball, la dedicada a l’anàlisi dels canvis en els usos i les cobertes del sòl en cada un dels sectors diferenciats a la nostra àrea d’estudi (muntanya, transició, plana i litoral)</subfield>
   </datafield>
   <datafield ind1="8" ind2=" " tag="024">
      <subfield code="a">http://hdl.handle.net/10256/2050</subfield>
   </datafield>
   <datafield tag="653" ind2=" " ind1=" ">
      <subfield code="a">Paisatge -- Catalunya -- Alt Empordà</subfield>
   </datafield>
   <datafield tag="653" ind2=" " ind1=" ">
      <subfield code="a">Landscape -- Catalonia -- Alt Empordà</subfield>
   </datafield>
   <datafield tag="653" ind2=" " ind1=" ">
      <subfield code="a">Sòls -- Catalunya -- Alt Empordà</subfield>
   </datafield>
   <datafield tag="653" ind2=" " ind1=" ">
      <subfield code="a">Soils -- Catalonia -- Alt Empordà</subfield>
   </datafield>
   <datafield ind2="0" ind1="0" tag="245">
      <subfield code="a">L'Evolució recent del paisatge a l'Alt Empordà a partir de l'anàlisi en els canvis d'usos i cobertes del sòl (1950-2000)</subfield>
   </datafield>
</record></metadata></record></GetRecord></OAI-PMH>